| 000 | 01645nam a2200241Ia 4500 | ||
|---|---|---|---|
| 999 |
_c51658 _d51658 |
||
| 001 | 18649 | ||
| 003 | GE_BSU | ||
| 005 | 20220920111703.0 | ||
| 008 | 181216s2012||||ge |||||||||||||| ||geo|| | ||
| 040 | _cGE_BSU | ||
| 041 | _ageo | ||
| 080 | _a33 მ-47 | ||
| 100 |
_aმეგრელიშვილი, სოფიკო _911651 |
||
| 245 |
_aსტიმულირებისა და მოტივაციის პროცესების ორგანიზაციულ-ეკონომიკური რეგულირება სამეწარმეო საქმიანობაში : დისერტაცვია / _c სოფიკო მეგრელიშვილი; სამეცნიერო ხელმძღვანელი ვლ.ღლონტი;ბათუმის შოთა რუსთაველის სახ-ფო უნ-ტი. |
||
| 264 |
_aბათუმი, _c2012. |
||
| 300 |
_a181 გვ.; _b30 სმ. |
||
| 653 | _aდისერტაცია | ||
| 653 | _aეკონომიკა | ||
| 653 | _aსტიმულირებისა და მოტივაციის პროცესების ორგანიზაციულ-ეკონომიკური რეგულირება სამეწარმეო საქმიანობაში | ||
| 700 |
_aღლონტი, ვლ. _eსამეცნიერო ხელმძღვანელი _911652 |
||
| 710 |
_aბათუმის შოთა რუსთაველის სახ-ფო უნ-ტი _911653 |
||
| 942 |
_cBK _2udc |
||